000 01035nam a22002657a 4500
003 BD-DhSAU
005 20221103155337.0
008 150612b2021 bg ad||| m||| 00| 0 eng d
040 _aBD-DhSAU
082 _222
_a581
_bIs41
100 _aISLAM, MD. SHIJAN
_eRegistration no. # 19-10171
245 _aeffect of higher doses of urea fertilizer over recommended dose on mustard /
_bMS thesis
260 _aSher-e-Bangla Agricultural Uniersity :
_bDepartment of Agricultural Botany,
_c2021
300 _aix, 66p. :
_bill. ;
_c30 cm.
500 _aMS thesis of Department of Agricultural Botany , Sher-e-Bangla Agricultural University, Dhaka, Bangladesh
504 _aIncludes bibliographical reference.
590 _aNazmul
650 _afertilizer over
650 _amustard
651 _amustard
700 _aProf. Dr.Nasima Akhter
_eSuperviser
700 _aprof.Dr. Md. Moinul Haque
_eCo-superviser
856 _uhttp://archive.saulibrary.edu.bd:8080/xmlui/handle/123456789/4469
942 _2ddc
_cTHESIS
999 _c16184
_d16183